| 000 | 01563cam a2200373 a 4500 | ||
|---|---|---|---|
| 001 | 4499149 | ||
| 005 | 20170105102921.0 | ||
| 008 | 970407s1997 sw b b 001 0 eng d | ||
| 010 | _a 97180593 | ||
| 020 | _a0198292015 | ||
| 035 | _a(OCoLC)36689295 | ||
| 040 |
_aCLSU _cCLSU _dDLC |
||
| 042 | _alccopycat | ||
| 043 |
_ae-ur--- _ae------ _ae-ur-ru |
||
| 050 | 0 | 0 |
_aD1065.R9 _bR864 1997 |
| 082 | 0 | 0 |
_a327.4704 _221 |
| 245 | 0 | 0 |
_aRussia and Europe : _bthe emerging security agenda / _cedited by Vladimir Baranovsky. |
| 260 |
_aStockholm : _bSipri ; _aOxford ; _aNew York : _bOxford University Press, _c1997. |
||
| 300 |
_axviii, 582 p. : _bmaps ; _c24 cm. |
||
| 504 | _aIncludes bibliographical references and index. | ||
| 650 | 0 |
_aNational security _zRussia (Federation) |
|
| 650 | 0 |
_aNational security _zEurope. |
|
| 651 | 0 |
_aRussia (Federation) _xForeign relations _zEurope. |
|
| 651 | 0 |
_aEurope _xForeign relations _zRussia (Federation) |
|
| 651 | 0 |
_aRussia (Federation) _xForeign relations _zFormer Soviet republics. |
|
| 651 | 0 |
_aFormer Soviet republics _xForeign relations _zRussia (Federation) |
|
| 651 | 0 |
_aRussia (Federation) _xPolitics and government _y1991- |
|
| 700 | 1 |
_aBaranovskiÄ, V. G. _q(Vladimir Georgievich) |
|
| 710 | 2 | _aStockholm International Peace Research Institute. | |
| 856 | 4 | 2 |
_3Publisher description _uhttp://www.loc.gov/catdir/enhancements/fy0606/97180593-d.html |
| 906 |
_a7 _bcbc _ccopycat _d2 _encip _f19 _gy-gencatlg |
||
| 942 |
_2ddc _cBK |
||
| 999 |
_c15604 _d15604 |
||